logo image

Linear and Functional Analysis (Record no. 44373)

MARC details
000 -LEADER
fixed length control field 00405nam a22001697a 4500
003 - CONTROL NUMBER IDENTIFIER
control field OSt
005 - DATE AND TIME OF LATEST TRANSACTION
control field 20260417125154.0
008 - FIXED-LENGTH DATA ELEMENTS--GENERAL INFORMATION
fixed length control field 260417b |||||||| |||| 00| 0 eng d
020 ## - INTERNATIONAL STANDARD BOOK NUMBER
International Standard Book Number 9789349830035
040 ## - CATALOGING SOURCE
Transcribing agency BGL
100 ## - MAIN ENTRY--PERSONAL NAME
Personal name Marwaha Alka
245 ## - TITLE STATEMENT
Title Linear and Functional Analysis
260 ## - PUBLICATION, DISTRIBUTION, ETC.
Place of publication, distribution, etc. New Delhi
Name of publisher, distributor, etc. Ane Ane Publishers
Date of publication, distribution, etc. 20.03.2026
300 ## - PHYSICAL DESCRIPTION
Extent 265p
650 ## - SUBJECT ADDED ENTRY--TOPICAL TERM
Topical term or geographic name entry element Maths
942 ## - ADDED ENTRY ELEMENTS (KOHA)
Source of classification or shelving scheme Dewey Decimal Classification
Koha item type REF
Holdings
Withdrawn status Lost status Source of classification or shelving scheme Materials specified (bound volume or other part) Damaged status Not for loan Home library Current library Date acquired Source of acquisition Cost, normal purchase price Discount Net Cost Total Checkouts Barcode Date last seen Cost, replacement price Price effective from Koha item type
    Dewey Decimal Classification Hard Bound     BGL BGL 20.03.2026 The United Book House : 45/393 2500.00 20% 2000.00   69671 17.04.2026 2500.00 17.04.2026 REF
    Dewey Decimal Classification Hard Bound     BGL BGL 20.03.2026 The United Book House : 45/393 2500.00 20% 2000.00   69672 17.04.2026 2500.00 17.04.2026 REF

Powered by Koha